<?xml version="1.0" encoding="UTF-8"?>
<collection xmlns="http://www.loc.gov/MARC21/slim">
  <record>
    <leader>00000nam  2200000   4500</leader>
    <controlfield tag="001">000128</controlfield>
    <datafield tag="020" ind1=" " ind2=" ">
      <subfield code="9">786232936836</subfield>
    </datafield>
    <datafield tag="082" ind1=" " ind2=" ">
      <subfield code="9">20.000</subfield>
    </datafield>
    <datafield tag="100" ind1=" " ind2=" ">
      <subfield code="W">iwid Wijayanto</subfield>
    </datafield>
    <datafield tag="245" ind1=" " ind2=" ">
      <subfield code="S">eri pahlawan nasional Moh. Hatta</subfield>
    </datafield>
    <datafield tag="250" ind1=" " ind2=" ">
      <subfield code="C">etakan I</subfield>
    </datafield>
    <datafield tag="264" ind1=" " ind2=" ">
      <subfield code="Y">ogyakarta: Diva Press 2022</subfield>
    </datafield>
    <datafield tag="300" ind1=" " ind2=" ">
      <subfield code="4">0 halaman; 24 cm.</subfield>
    </datafield>
    <datafield tag="650" ind1=" " ind2=" ">
      <subfield code="S">ejarah</subfield>
    </datafield>
    <datafield tag="905" ind1=" " ind2=" ">
      <subfield code="9">20 WIW s</subfield>
    </datafield>
    <datafield tag="336" ind1=" " ind2=" ">
      <subfield code="a"/>
    </datafield>
    <datafield tag="337" ind1=" " ind2=" ">
      <subfield code="a"/>
    </datafield>
    <datafield tag="338" ind1=" " ind2=" ">
      <subfield code="a"/>
    </datafield>
    <controlfield tag="005">20260702151432.0</controlfield>
    <controlfield tag="008">260702s2026\\\\\\\\\\\\\\\\\\\\\\\\\\\\\\\\\\\\\\\\\</controlfield>
  </record>
</collection>
